000 00547nam a2200229Ia 4500
003 OSt
005 20221007115743.0
006 a|||||r|||| 00| 0
007 ta
008 221006b |||||||| |||| 00| 0 eng d
024 _a38,045
037 _cTextual
040 _aLCO
_cLCO
_beng
041 _2eng
_aeng
082 _aZ58,5, Q8
100 _aSELSAM Howard
_9119628
245 0 _aReader in Marxist Philosophy
260 _c2018
300 _a384
942 _hZ58,5, Q8
_cTEXL
999 _c1207608
_d1207608